[Event "POL-chT 2nd League"]
[Site "Jastrzebia Gora"]
[Date "2018.09.07"]
[Round "7.90"]
[White "Bukowska, Katarzyna"]
[Black "Huchwajda, Katarzyna"]
[Result "1-0"]
[WhiteElo "1914"]
[BlackElo "1766"]
[PlyCount "47"]
[EventDate "2018.09.01"]
[EventType "team-swiss"]
[EventRounds "9"]
[EventCountry "POL"]
[SourceTitle "CBM 186 Extra"]
[Source "ChessBase"]
[SourceDate "2018.08.24"]
[SourceVersion "1"]
[SourceVersionDate "2018.08.24"]
[SourceQuality "1"]
[WhiteTeam "Konin Hetman"]
[BlackTeam "Zakrzewo Korona"]
[WhiteTeamCountry "POL"]
[BlackTeamCountry "POL"]

1. e4 c5 2. Nf3 e6 3. d4 cxd4 4. Nxd4 Nc6 5. Nc3 Nf6 6. Be2 Bb4 7. 0-0 Bxc3 8. bxc3 Nxe4 9. Qd3 d5 10. Ba3 Qa5 11. Nb5 a6 12. Nd6+ Nxd6 13. Bxd6 Ne7 14. Bxe7 Kxe7 15. Qg3 g6 16. c4 Bd7 17. cxd5 Qxd5 18. Bf3 Qd6 19. Qh4+ f6 20. Bxb7 Ra7 21. Rad1 Qc5 22. Qh6 Rf8 23. Qxh7+ Rf7 24. Rxd7+ 1-0

[Event "POL-chT 2nd League"]
[Site "Jastrzebia Gora"]
[Date "2018.09.06"]
[Round "6.78"]
[White "Czaplewska, Klara"]
[Black "Huchwajda, Katarzyna"]
[Result "1-0"]
[WhiteElo "1873"]
[BlackElo "1766"]
[PlyCount "85"]
[EventDate "2018.09.01"]
[EventType "team-swiss"]
[EventRounds "9"]
[EventCountry "POL"]
[SourceTitle "CBM 186 Extra"]
[Source "ChessBase"]
[SourceDate "2018.08.24"]
[SourceVersion "1"]
[SourceVersionDate "2018.08.24"]
[SourceQuality "1"]
[WhiteTeam "Zarow Goniec"]
[BlackTeam "Zakrzewo Korona"]
[WhiteTeamCountry "POL"]
[BlackTeamCountry "POL"]

1. e4 c5 2. Nf3 e6 3. d4 cxd4 4. Nxd4 Nc6 5. Nc3 Nf6 6. Nxc6 bxc6 7. e5 Nd5 8. Ne4 Qc7 9. f4 Qb6 10. Bd3 Bb4+ 11. c3 Be7 12. c4 Bb4+ 13. Ke2 f5 14. exf6 Nxf6 15. Be3 Qd8 16. c5 Nxe4 17. Bxe4 0-0 18. Qd4 Rb8 19. Rad1 Qh4 20. h3 Qg3 21. Kf1 Kh8 22. Kg1 Ba6 23. Bf3 e5 24. Qxe5 Rbe8 25. Qd4 Be2 26. Bf2 Qxf4 27. Qxf4 Rxf4 28. Rxd7 Bxf3 29. gxf3 Rxf3 30. a3 Ba5 31. Rxa7 Bd8 32. Ra8 Rxf2 33. Rxd8 Rxd8 34. Kxf2 Rd2+ 35. Kf3 Rxb2 36. a4 Rb3+ 37. Ke4 Rb7 38. a5 g6 39. Ke5 Kg7 40. Kd6 h5 41. Kxc6 Rf7 42. a6 Ra7 43. Kb6 1-0

[Event "POL-chT 2nd League"]
[Site "Jastrzebia Gora"]
[Date "2018.09.02"]
[Round "3.8"]
[White "Huchwajda, Katarzyna"]
[Black "Kindler, Karolina"]
[Result "1-0"]
[WhiteElo "1766"]
[BlackElo "1632"]
[PlyCount "105"]
[EventDate "2018.09.01"]
[EventType "team-swiss"]
[EventRounds "9"]
[EventCountry "POL"]
[SourceTitle "CBM 186 Extra"]
[Source "ChessBase"]
[SourceDate "2018.08.24"]
[SourceVersion "1"]
[SourceVersionDate "2018.08.24"]
[SourceQuality "1"]
[WhiteTeam "Zakrzewo Korona"]
[BlackTeam "Gdansk Korona"]
[WhiteTeamCountry "POL"]
[BlackTeamCountry "POL"]

1. e4 c5 2. Nf3 e6 3. d4 cxd4 4. Nxd4 Nf6 5. Nc3 d6 6. Be3 a6 7. f3 Be7 8. Qd2 b5 9. g4 Bb7 10. 0-0-0 Nfd7 11. Kb1 Nb6 12. b3 N8d7 13. Bg2 Rc8 14. f4 Qc7 15. Nce2 Nf6 16. Ng3 Nxg4 17. Bg1 Nf6 18. Be3 d5 19. e5 Ne4 20. Nxe4 dxe4 21. Ne2 0-0 22. c3 Bc5 23. Kb2 Qe7 24. Bxc5 Qxc5 25. Qd4 Qc6 26. Ng3 Nd5 27. Bxe4 Rfd8 28. Rhg1 Qc7 29. Bxd5 Rxd5 30. Qe3 Rc5 31. Rc1 Qc6 32. Nh5 g6 33. Nf6+ Kg7 34. Qh3 Rh8 35. Ng4 h6 36. Qh4 Qf3 37. Qf2 Qxf2+ 38. Nxf2 Rd8 39. Rcd1 Rcd5 40. Rxd5 Rxd5 41. Kc2 h5 42. Ne4 Kf8 43. b4 Ke7 44. Nc5 Bc8 45. a4 bxa4 46. Nxa4 Bd7 47. Nb6 Rb5 48. Nc4 Rb7 49. Ra1 f6 50. Nd6 Rb6 51. Rg1 fxe5 52. fxe5 Be8 53. Nc8+ 1-0

[Event "Poznan op 23rd"]
[Site "Poznan"]
[Date "2015.08.16"]
[Round "8"]
[White "Szuba, Henryk"]
[Black "Huchwajda, Katarzyna"]
[Result "1/2-1/2"]
[WhiteElo "1508"]
[BlackElo "1785"]
[PlyCount "30"]
[EventDate "2015.08.10"]
[EventType "swiss"]
[EventRounds "9"]
[EventCountry "POL"]
[SourceTitle "CBM 167 Extra"]
[Source "ChessBase"]
[SourceDate "2015.09.14"]
[SourceVersion "1"]
[SourceVersionDate "2015.09.14"]
[SourceQuality "1"]

1. e4 c5 2. Nf3 d6 3. d4 cxd4 4. Nxd4 Nf6 5. Nc3 g6 6. Bc4 Bg7 7. 0-0 0-0 8. h3 a6 9. Re1 Qc7 10. Bb3 Nbd7 11. Be3 b5 12. Bd5 Bb7 13. a3 Nb6 14. Nb3 Nfxd5 15. exd5 Nc4 1/2-1/2

[Event "Poznan op 23rd"]
[Site "Poznan"]
[Date "2015.08.13"]
[Round "4"]
[White "Huchwajda, Katarzyna"]
[Black "Wojdak, Karol"]
[Result "1-0"]
[WhiteElo "1785"]
[BlackElo "1512"]
[PlyCount "67"]
[EventDate "2015.08.10"]
[EventType "swiss"]
[EventRounds "9"]
[EventCountry "POL"]
[SourceTitle "CBM 167 Extra"]
[Source "ChessBase"]
[SourceDate "2015.09.14"]
[SourceVersion "1"]
[SourceVersionDate "2015.09.14"]
[SourceQuality "1"]

1. e4 e5 2. Nf3 Nc6 3. Nc3 Bc5 4. Nxe5 Bxf2+ 5. Kxf2 Nxe5 6. d4 Qf6+ 7. Kg1 Ng4 8. Qd2 c6 9. h3 N4h6 10. e5 Qe6 11. Ne4 d5 12. Nd6+ Kd7 13. Qb4 b5 14. Bxb5 Ne7 15. Be2 Nhf5 16. Bg4 a5 17. Qb3 h5 18. Nb7 Qg6 19. Bxf5+ Nxf5 20. Nc5+ Ke7 21. Bf4 Rb8 22. e6 Kd8 23. Qxb8 Ke7 24. Qc7+ Kf6 25. Qe5+ Ke7 26. exf7+ Kxf7 27. Qc7+ Ne7 28. Re1 Re8 29. Bd6 Qxc2 30. Rxe7+ Rxe7 31. Qxe7+ Kg8 32. Qf8+ Kh7 33. Qxc8 Qd1+ 34. Kh2 1-0

[Event "Poznan op 23rd"]
[Site "Poznan"]
[Date "2015.08.10"]
[Round "1"]
[White "Walaszyk, Zbigniew"]
[Black "Huchwajda, Katarzyna"]
[Result "0-1"]
[WhiteElo "1369"]
[BlackElo "1785"]
[PlyCount "56"]
[EventDate "2015.08.10"]
[EventType "swiss"]
[EventRounds "9"]
[EventCountry "POL"]
[SourceTitle "CBM 167 Extra"]
[Source "ChessBase"]
[SourceDate "2015.09.14"]
[SourceVersion "1"]
[SourceVersionDate "2015.09.14"]
[SourceQuality "1"]

1. e4 c5 2. Nf3 e6 3. d4 cxd4 4. Nxd4 Nc6 5. Be2 Nf6 6. Nc3 Bb4 7. Bg5 Qa5 8. Nxc6 Bxc3+ 9. bxc3 Qxg5 10. Nd4 Nxe4 11. Qd3 Nc5 12. Qh3 d5 13. Bb5+ Bd7 14. Bxd7+ Nxd7 15. 0-0 Nc5 16. Rae1 0-0 17. f4 Qf6 18. g4 Ne4 19. Re2 Rac8 20. Rxe4 dxe4 21. g5 Qd8 22. Qe3 Qa5 23. Qxe4 Qd5 24. Qd3 Qxa2 25. h4 Qa5 26. Rf3 Rfe8 27. h5 e5 28. Nf5 Qc5+ 0-1

[Event "POL-chT 3rd League Wielkopolska 12/13"]
[Site "Poznan"]
[Date "2013.02.24"]
[Round "8.18"]
[White "Cholewa, Maria"]
[Black "Huchwajda, Katarzyna"]
[Result "1/2-1/2"]
[WhiteElo "1847"]
[BlackElo "1838"]
[PlyCount "107"]
[EventDate "2012.11.25"]
[EventType "team-tourn"]
[EventRounds "11"]
[EventCountry "POL"]
[SourceTitle "EXT 2014"]
[Source "ChessBase"]
[SourceDate "2013.11.20"]
[SourceVersion "1"]
[SourceVersionDate "2013.11.20"]
[SourceQuality "1"]
[WhiteTeam "Poznan Politechnika II"]
[BlackTeam "Kornik MUKS Wieza Kornicka"]
[WhiteTeamCountry "POL"]
[BlackTeamCountry "POL"]

1. e4 c5 2. Nc3 e6 3. g3 Nc6 4. Bg2 Nf6 5. d3 h6 6. Nf3 d5 7. exd5 exd5 8. 0-0 d4 9. Re1+ Be7 10. Ne4 Nxe4 11. Rxe4 0-0 12. Bf4 Qb6 13. Rb1 Bf5 14. Re1 Rfe8 15. Ne5 Nxe5 16. Rxe5 Be6 17. b3 Bd6 18. Re4 Bxf4 19. Rxf4 f5 20. Qh5 Kh7 21. h4 Re7 22. Qf3 Qd6 23. Bh3 g6 24. h5 Rf8 25. hxg6+ Kxg6 26. Rh4 Bc8 27. Qh5+ Kg7 28. Rf4 Qg6 29. Qf3 b6 30. Rf1 Bb7 31. Qd1 Re5 32. Re1 Rxe1+ 33. Qxe1 Re8 34. Qd1 Re5 35. b4 Qe6 36. Kf1 Qd5 37. f3 Bc8 38. a3 Qa2 39. Qc1 Qe6 40. Qb1 Qe7 41. bxc5 bxc5 42. Qc1 Kg6 43. Rh4 Re3 44. Rf4 Re2 45. g4 fxg4 46. Bxg4 Rh2 47. Kg1 Qe2 48. Rf6+ Kxf6 49. Qf4+ Ke7 50. Qc7+ Kf6 51. Qd6+ Kg7 52. Qc7+ Kf6 53. Qd6+ Kg7 54. Qc7+ 1/2-1/2

[Event "POL-chT 2nd League"]
[Site "Mrzezyno"]
[Date "2011.09.10"]
[Round "8.66"]
[White "Huchwajda, Katarzyna"]
[Black "Krokay, Urszula"]
[Result "1-0"]
[WhiteElo "1854"]
[BlackElo "1887"]
[PlyCount "95"]
[EventDate "2011.09.03"]
[EventType "team-swiss"]
[EventRounds "9"]
[EventCountry "POL"]
[SourceTitle "EXT 2019"]
[Source "ChessBase"]
[SourceDate "2018.10.10"]
[SourceVersion "1"]
[SourceVersionDate "2018.10.10"]
[SourceQuality "1"]
[WhiteTeam "Kornik MUKS Wieza Kornicka"]
[BlackTeam "Wisznia Mala OKSiR"]
[WhiteTeamCountry "POL"]
[BlackTeamCountry "POL"]

1. e4 e5 2. Nf3 Nc6 3. Nc3 Nf6 4. Bb5 Nd4 5. 0-0 Nxb5 6. Nxb5 c6 7. Nc3 d6 8. h3 Qc7 9. d4 Be7 10. Re1 0-0 11. b3 b6 12. Bb2 Ba6 13. Na4 Nd7 14. c4 Rad8 15. Qc2 Rfe8 16. Rad1 Bf8 17. Nh4 Bc8 18. Qc1 g6 19. a3 Bg7 20. Nf3 Nf8 21. dxe5 dxe5 22. c5 b5 23. Nc3 Ne6 24. Ne2 a5 25. b4 axb4 26. axb4 Nf8 27. Qa1 Bd7 28. Rd3 Ra8 29. Ra3 Rxa3 30. Qxa3 Be6 31. Ra1 Bc4 32. Ng3 Qd8 33. Qa6 Re6 34. Qb7 h5 35. Ra7 Qf6 36. Bc1 Re8 37. Bg5 Qe6 38. Be7 Bf6 39. Bd6 h4 40. Nf1 Bxf1 41. Kxf1 Qc4+ 42. Kg1 Qc1+ 43. Kh2 Qf4+ 44. Kh1 Qc1+ 45. Ng1 Qc4 46. Qxc6 Qe6 47. Qxb5 g5 48. Ra6 1-0

[Event "POL-chT 2nd League"]
[Site "Mrzezyno"]
[Date "2011.09.08"]
[Round "6"]
[White "Huchwajda, Katarzyna"]
[Black "Weglarz, Joanna"]
[Result "0-1"]
[WhiteElo "1854"]
[BlackElo "1992"]
[PlyCount "82"]
[EventDate "2011.09.03"]
[EventType "team-swiss"]
[EventRounds "9"]
[EventCountry "POL"]
[SourceTitle "EXT 2015"]
[Source "ChessBase"]
[SourceDate "2014.11.20"]
[SourceVersion "1"]
[SourceVersionDate "2014.11.20"]
[SourceQuality "1"]
[WhiteTeam "Kornik MUKS Wieza Kornicka"]
[BlackTeam "Znin Baszta II"]
[WhiteTeamCountry "POL"]
[BlackTeamCountry "POL"]

1. e4 c5 2. Nf3 d6 3. d4 cxd4 4. Nxd4 Nf6 5. Nc3 e5 6. Nb3 Nc6 7. a3 Be6 8. Nd2 d5 9. exd5 Nxd5 10. Nxd5 Qxd5 11. Qf3 Nd4 12. Qxd5 Bxd5 13. Kd1 0-0-0 14. f3 f5 15. c4 Bc6 16. Ra2 Nxf3 17. b4 Be7 18. Kc2 Nxd2 19. Bxd2 Be4+ 20. Kc1 Rd7 21. h4 Rhd8 22. Rh2 f4 23. Be2 Bf5 24. Rh1 g6 25. Be1 h6 26. Bf2 Kb8 27. g3 g5 28. c5 g4 29. Rg1 h5 30. Re1 Bd3 31. Bd1 Bf6 32. Bb3 f3 33. Be3 e4 34. Bf4+ Ka8 35. Bd6 Bd4 36. Be6 Rxd6 37. cxd6 Rxd6 38. Bf5 Rc6+ 39. Kd2 Bc3+ 40. Kd1 Bxe1 41. Kxe1 e3 0-1

[Event "POL-chT 2st League"]
[Site "Mrzezyno"]
[Date "2010.09.04"]
[Round "1.78"]
[White "Huchwajda, Katarzyna"]
[Black "Poznanska, Katarzyna"]
[Result "0-1"]
[WhiteElo "1882"]
[BlackElo "2095"]
[PlyCount "102"]
[EventDate "2010.09.04"]
[EventType "team-swiss"]
[EventRounds "9"]
[EventCountry "POL"]
[SourceTitle "EXT 2019"]
[Source "ChessBase"]
[SourceDate "2018.10.10"]
[SourceVersion "1"]
[SourceVersionDate "2018.10.10"]
[SourceQuality "1"]
[WhiteTeam "Kornik MUKS Wieza Kornicka"]
[BlackTeam "Wroclaw KS Polonia II"]
[WhiteTeamCountry "POL"]
[BlackTeamCountry "POL"]

1. e4 c5 2. Nf3 e6 3. d4 cxd4 4. Nxd4 a6 5. Bd3 Bc5 6. Nb3 Be7 7. 0-0 Qc7 8. c4 Nf6 9. Re1 d6 10. Kh1 Nbd7 11. f4 0-0 12. Be3 b6 13. N1d2 Bb7 14. Rc1 Rfd8 15. Qf3 Rac8 16. Qh3 e5 17. Bc2 Qb8 18. f5 a5 19. Rcd1 Qa8 20. Bf2 b5 21. Qc3 d5 22. Qxa5 dxc4 23. Qxa8 Rxa8 24. Nc1 Bc5 25. Bh4 Ng4 26. Re2 Ndf6 27. Rde1 Ne3 28. Bxf6 gxf6 29. Nf3 Ng4 30. Rf1 Ne3 31. Rfe1 Nxc2 32. Rxc2 Bb4 33. Rf1 Bxe4 34. Rcf2 Bc5 35. Re2 Bd3 36. Nxd3 cxd3 37. Rd2 e4 38. Ne1 Rxa2 39. g3 Bb4 40. Rd1 Rxb2 41. Ng2 Rxg2 42. Kxg2 e3 43. Rxd3 Rxd3 44. Kf3 Bc5 45. Rc1 Rd5 46. g4 Re5 47. Ke2 b4 48. h4 h5 49. Rg1 Kh7 50. Kf3 e2 51. Re1 b3 0-1